| 000 | 00359nmm a2200145 a 4500 | ||
|---|---|---|---|
| 003 | AR-BaBNM | ||
| 005 | 20251128202657.0 | ||
| 008 | 064019s1869 ||||||||||||||000 | spa|| | ||
| 040 | _cAR-BaBNM | ||
| 100 | 1 |
_aCantĂș, Cesare _d1804-1895 |
|
| 245 | 1 | 0 |
_aHistoria universal _n9 |
| 260 |
_aParis _bLibrerĂa de Garnier Hermanos _c1869 |
||
| 942 | _cBK | ||
| 998 | _cPicasso | ||
| 999 |
_c90 _d90 |
||